000 00713nam a2200193 a 4500
008 160601s2015 ||||||||||||||||| || u
020 _a9781118914502
050 _aQC 23.2 Cha
100 _aSherwood, Bruce A
245 1 0 _aMatters and interactions. (4th ed.)
_cChabey, Ruth W. and Sherwood Bruce A.
250 _a4th ed.
260 _aUnited States of America
_bJohn Wiley & Sons, Inc
_c2015
300 _axvi, 992p. ill.
350 _a288.57
650 _aPHYSICS-- TEXTBOOKS
650 _aMECHANICS--TEXTBOOKS
700 _aChabay Ruth, W
995 _FCBU-MAIN LIBRARY (Kitwe)
_I288.57
_M1
_UAVAILABLE
_WJun 1, 2016
_ZMain Library Open Access Collection
999 _c50767
_d50767